Juizado especial criminal

Detalles Bibliográficos
Autor principal: de Oliveira Milagres, Marcelo
Otros Autores: Gran Cristf̤oro, Pablo
Formato: eBook
Lenguaje:portugués
Publicado: Indaiatuba: Editora Foco, 2021
Materias:
Acceso en línea:Acceso restringido

MARC

LEADER 00000nam a22000007a 4500
005 20211214225221.0
007 cr|||| ||||
008 211214s2021 br |||||s|||| 00||0 por d
020 |a 978-65-5515-184-8 
035 |a 35484 
040 |a vLex 
090 |c 12719  |d 12719 
100 1 |a de Oliveira Milagres, Marcelo 
245 1 0 |a Juizado especial criminal  |h [Recurso electrn̤ico] /  |c Marcelo de Oliveira Milagres, Pablo Gran Cristf̤oro 
256 |a Servicio en ln̕ea 
260 |a Indaiatuba:  |b Editora Foco,  |c 2021 
300 |a 1 recurso electrn̤ico 
500 |a A expansô do Direito Penal tornou-se, j ̀h ̀algum tempo, tema recorrente, controvertido e um tanto preocupante, ao menos para os juristas mais genuinamente comprometidos com as balizas delimitadoras de sua atuaȯ̂ no mundo real e mais sinceramente apreensivos com seu potencial de controle das diversas esferas da vida cotidiana. Afinal, estamos nos referindo a poderoso instrumento de controle social, seja no plano de sua prt̀ica, seja no plano simbl̤ico, e seu uso prudencial e parcimonioso ser ̀sempre um dos motes centrais do discurso penal mais preocupado com a delimitaȯ̂ precisa do poder punitivo estatal. Nesse sentido, um dos maiores desafios enfrentados nesse campo sempre foi reduzir o mais possv̕el a incidn̊cia da pena privativa de liberdade, e a abundante literatura que nos fala de seus malefc̕ios, inconsistn̊cias, contradiė̳s e perversidades ̌bastante conhecida e dificilmente refutv̀el. O desafio sempre foi prover alternativas viv̀eis a ela ou, no limite, deslegitim-̀la e aboli-la, opȯ̂ sempre presente nos discursos de uma criminologia e de um penalismo de cariz mais acentuadamente crt̕ico e ainda atraente para uma parte importante e respeitv̀el de estudiosos da r̀ea. O presente livro nô avanȧ nessa segunda direȯ̂. E nô por desconhecimento ou por falta de sensibilidade dos autores para esses debates, mas sim, como eles prp̤rios anunciam, pelo interesse em contribuir, de maneira concreta e objetiva, para o aperfeiȯamento da Justiȧ Criminal, reconhecidamente repleta de problemas e muito longe de sequer passar perto de seus objetivos declarados retoricamente. Mas se compromete em dialogar seriamente com a primeira, vale dizer, a busca de caminhos interpretativos capazes de contrair o mais possv̕el a incidn̊cia da lei penal e processual penal. Seu compromisso com medidas despenalizadoras, sua atenȯ̂ para as crescentes possibilidades de uma justiȧ consensual o mais possv̕el comprometida com acordos processuais e procedimentais baseados na autonomia e escolha dos envolvidos atestam isso. A escolha do tema – a anl̀ise da Lei n.ð 9.099/1995 – e a maneira como ele ̌abordado demonstram estarmos diante de um trabalho escrito por dois Promotores de Justiȧ imersos nos incontv̀eis problemas para a sua ideal aplicaȯ̂ e efetivaȯ̂, e, nô obstante, dispostos a efetivamente contribuir para o aperfeiȯamento dos chamados Juizados Especiais Criminais. Nunca deixando de reconhecer as limitaė̳s e os problemas do instituto, ainda assim consideram indispensv̀el enfrentar o desafio da discussô dos melhores caminhos para se interpretar e aplicar essa lei. Trata-se de uma contribuiȯ̂ das mais valiosas para todos aqueles que estejam comprometidos com o aperfeiȯamento do sistema de justiȧ criminal, ainda que reconheȧ seus vc̕ios e pecados de origem. 
506 1 |a Disponible solo en los productos indicados  |d vLex Global  |d vLex Global (Academic Edition, excluding Law Schools)  |d vLex Global (U.S. Academic Edition, Law Schools)  |d vLex Global (U.S. Academic Edition, excluding Law Schools)  |d vLex Global (Academic Edition, Law Schools) 
650 0 4 |a Derecho Civil  |z Brasil 
700 0 |a Gran Cristf̤oro, Pablo 
740 0 |a vLex Libros (Servicio en ln̕ea) 
856 4 0 |u https://app.vlex.com/#/sources/35484  |z Acceso restringido 
942 |c BOOK 
999 0 0 |a Civil Law